[Event "24. European Club Cup 2008"]
[Site "Kallithea GRE"]
[Date "2008.10.20"]
[Round "4.9"]
[White "Nyback, Tomi"]
[Black "Vitiugov, Nikita"]
[Result "0-1"]
[WhiteElo "2634"]
[BlackElo "2638"]
[PlyCount "86"]
[EventDate "2008.10.17"]
[EventType "team-swiss"]
[EventRounds "7"]
[EventCountry "GRE"]
[Source "lmi"]
[SourceDate "2008.10.17"]
[WhiteTeam "Bremen"]
[BlackTeam "FINEK"]

1. d4 d5 2. c4 c6 3. Nf3 Nf6 4. e3 Bf5 5. Nc3 e6 6. Nh4 Bg6 7. Nxg6 hxg6 8. g3
Nbd7 9. Bg2 dxc4 10. Qe2 Nb6 11. O-O Bb4 12. Rd1 Qe7 13. e4 e5 14. Be3 O-O 15.
a4 Rfd8 16. a5 Nbd7 17. d5 cxd5 18. exd5 e4 19. Bd4 Rac8 20. Ra4 Bxc3 21. bxc3
b5 22. axb6 Nxb6 23. Bxb6 axb6 24. Rxc4 Rxc4 25. Qxc4 Qe5 26. Qb3 Rxd5 27. Rxd5
Nxd5 28. Qb5 Qe6 29. Qc4 f5 30. Qd4 Nf6 31. Bf1 Kh7 32. Bc4 Qc6 33. Kf1 g5 34.
h3 Qc5 35. Ke2 Qxd4 36. cxd4 g6 37. Ke3 Kg7 38. f3 exf3 39. Kxf3 Ne4 40. Bd5
Nd6 41. Ke3 Kf6 42. Kd3 Ne4 43. g4 Nf2+ 0-1

[Event "24. European Club Cup 2008"]
[Site "Kallithea GRE"]
[Date "2008.10.20"]
[Round "4.10"]
[White "Minasian, Artashes"]
[Black "Coenen, Norbert"]
[Result "1-0"]
[WhiteElo "2541"]
[BlackElo "2357"]
[PlyCount "85"]
[EventDate "2008.10.17"]
[EventType "team-swiss"]
[EventRounds "7"]
[EventCountry "GRE"]
[Source "lmi"]
[SourceDate "2008.10.17"]
[WhiteTeam "Bank King"]
[BlackTeam "Eynatten"]

1. e4 d5 2. exd5 Qxd5 3. Nc3 Qa5 4. d4 c6 5. Bc4 Bf5 6. Nge2 e6 7. Ng3 Bg6 8.
O-O Nd7 9. f4 Ne7 10. a3 h5 11. b4 Qb6 12. Nce4 Nf5 13. c3 Be7 14. a4 a5 15. b5
Nf6 16. Nxf6+ gxf6 17. Nxf5 Bxf5 18. bxc6 bxc6 19. Ra2 Qa7 20. Be3 Rb8 21. Qf3
Qd7 22. h3 Bd6 23. Rff2 Rb1+ 24. Kh2 Bg4 25. Qg3 Qb7 26. Qh4 Bf5 27. Qxf6 Rh7
28. d5 Be7 29. dxc6 Bxf6 30. cxb7 Rxb7 31. Bb5+ Kf8 32. c4 Bc3 33. c5 f6 34. c6
Rb8 35. Bc5+ Kg8 36. Rf3 Be1 37. Re2 Bb4 38. Rg3+ Rg7 39. Rxg7+ Kxg7 40. Bxb4
axb4 41. Ba6 e5 42. fxe5 fxe5 43. Rxe5 1-0

[Event "24. European Club Cup 2008"]
[Site "Kallithea GRE"]
[Date "2008.10.20"]
[Round "4.12"]
[White "Kanakaris, Georgios"]
[Black "Zhang, Pengxiang"]
[Result "0-1"]
[WhiteElo "2342"]
[BlackElo "2636"]
[PlyCount "138"]
[EventDate "2008.10.17"]
[EventType "team-swiss"]
[EventRounds "7"]
[EventCountry "GRE"]
[Source "lmi"]
[SourceDate "2008.10.17"]
[WhiteTeam "Galaxias Thessaloniki"]
[BlackTeam "Iretza"]

1. d4 d5 2. c4 c6 3. e3 Nf6 4. Nf3 g6 5. Nc3 Bg7 6. Be2 O-O 7. O-O a6 8. a4 a5
9. Ne5 Be6 10. Qb3 Ra7 11. f4 Na6 12. cxd5 Nxd5 13. Bc4 Nab4 14. e4 Nc7 15. Ne2
Bxc4 16. Qxc4 Ra8 17. Be3 e6 18. Ra3 f6 19. Nd3 Nxd3 20. Rxd3 f5 21. e5 Qd5 22.
Qb3 Rfb8 23. Rc1 Bf8 24. Qc2 Bb4 25. Bd2 Be7 26. Rc3 Rd8 27. Be1 Rd7 28. Rc4
Na6 29. Qb3 Bb4 30. Bxb4 axb4 31. Qe3 Rad8 32. Kf2 Qa5 33. Qb3 Rd5 34. R4c2 Qb6
35. Ke1 Kf7 36. Qh3 Kg7 37. Qh4 Rf8 38. b3 Rf7 39. Rc4 c5 40. Qf2 Qd8 41. Ng1
Rfd7 42. Nf3 h6 43. Rd1 Kh7 44. Rd2 b6 45. Qe3 Qa8 46. Kf1 Qd8 47. Ke2 Nc7 48.
Rcc2 Kg8 49. Rc4 Na6 50. Ke1 Kh7 51. Ke2 Nc7 52. Rcc2 Qa8 53. Kf2 Na6 54. Rc4
Qc6 55. Rcc2 Rd8 56. Rc4 Qd7 57. Ke2 Qb7 58. Qf2 R5d7 59. Qh4 Nc7 60. Ng5+ Kg7
61. Nxe6+ Nxe6 62. Qf6+ Kh7 63. Qxe6 Qe4+ 64. Kd1 cxd4 65. Rc8 Qxf4 66. Rf2
Qxf2 67. Rxd8 Qf1+ 68. Kd2 Qxg2+ 69. Kd1 Qg4+ 0-1

[Event "24. European Club Cup 2008"]
[Site "Kallithea GRE"]
[Date "2008.10.20"]
[Round "4.12"]
[White "Bauer, Christian"]
[Black "Galopoulos, N."]
[Result "1-0"]
[WhiteElo "2592"]
[BlackElo "2262"]
[PlyCount "97"]
[EventDate "2008.10.17"]
[EventType "team-swiss"]
[EventRounds "7"]
[EventCountry "GRE"]
[Source "lmi"]
[SourceDate "2008.10.17"]
[WhiteTeam "Iretza"]
[BlackTeam "Galaxias Thessaloniki"]

1. c4 Nf6 2. Nc3 e6 3. e4 d5 4. e5 Nfd7 5. cxd5 Nxe5 6. d4 Ng6 7. Bc4 exd5 8.
Bxd5 c6 9. Bb3 Bd6 10. Nf3 O-O 11. O-O Bf5 12. Re1 Nd7 13. Bg5 Qb8 14. h3 Nb6
15. d5 h6 16. dxc6 bxc6 17. Nh4 Nxh4 18. Bxh4 g5 19. Qf3 Bh2+ 20. Kh1 Qf4 21.
Re3 Rad8 22. Ne2 Qxf3 23. Rxf3 Bd3 24. Nc1 Bg6 25. Kxh2 gxh4 26. Ne2 Rd2 27.
Nf4 Kg7 28. Re1 c5 29. Nxg6 Kxg6 30. Re4 f5 31. Rxh4 Rxb2 32. Rhf4 c4 33. Bxc4
Nxc4 34. Rxc4 Rxa2 35. Rg3+ Kf6 36. Rc6+ Ke5 37. Rf3 f4 38. Rxh6 Rf7 39. Rc6
Kd4 40. Rcc3 Ke4 41. h4 Kd4 42. Ra3 Rd2 43. Kh3 Rd1 44. g3 Ke4 45. Kg2 Rd4 46.
Ra5 Rb4 47. h5 Rc4 48. h6 Rc6 49. Rh5 1-0

[Event "24. European Club Cup 2008"]
[Site "Kallithea GRE"]
[Date "2008.10.20"]
[Round "4.12"]
[White "Argandona, Riveiro Inigo"]
[Black "Galopoulos, Panagiotis"]
[Result "1-0"]
[WhiteElo "2385"]
[BlackElo "2178"]
[PlyCount "51"]
[EventDate "2008.10.17"]
[EventType "team-swiss"]
[EventRounds "7"]
[EventCountry "GRE"]
[Source "lmi"]
[SourceDate "2008.10.17"]
[WhiteTeam "Iretza"]
[BlackTeam "Galaxias Thessaloniki"]

1. Nf3 Nf6 2. c4 e6 3. g3 b6 4. Bg2 Bb7 5. O-O Be7 6. Nc3 O-O 7. d4 Ne4 8. Qc2
Nxc3 9. bxc3 Nc6 10. d5 Na5 11. Nd2 e5 12. Qa4 c6 13. Nb3 Nxb3 14. axb3 b5 15.
cxb5 cxd5 16. Be3 Qc7 17. Rfd1 e4 18. c4 dxc4 19. Rac1 d5 20. bxc4 Qe5 21. cxd5
Bxd5 22. Rxd5 Qxd5 23. Bxe4 Qd7 24. Bc6 Qf5 25. Bxa8 Rxa8 26. b6 1-0

[Event "24. European Club Cup 2008"]
[Site "Kallithea GRE"]
[Date "2008.10.20"]
[Round "4.13"]
[White "Riff, Jean-Noel"]
[Black "Socko, Bartosz"]
[Result "0-1"]
[WhiteElo "2512"]
[BlackElo "2631"]
[PlyCount "98"]
[EventDate "2008.10.17"]
[EventType "team-swiss"]
[EventRounds "7"]
[EventCountry "GRE"]
[Source "lmi"]
[SourceDate "2008.10.17"]
[WhiteTeam "Reichenstein"]
[BlackTeam "Baden"]

1. e4 e5 2. Nf3 Nf6 3. Nxe5 d6 4. Nf3 Nxe4 5. Nc3 Nxc3 6. dxc3 Be7 7. Bf4 Nc6
8. Qd2 Bg4 9. Be2 Qd7 10. O-O-O a6 11. Rhe1 O-O-O 12. Nd4 Bxe2 13. Rxe2 Bf6 14.
Nxc6 Qxc6 15. Qd5 Qxd5 16. Rxd5 Rde8 17. Rdd2 Be5 18. Bg3 h5 19. Rd3 Bf4+ 20.
Kd1 Rxe2 21. Kxe2 Bc1 22. Rf3 h4 23. Bf4 Bxb2 24. Kd3 f6 25. Be3 Kd7 26. Rf4 b5
27. Rb4 Ba3 28. Rg4 Rh7 29. c4 c5 30. h3 Ke6 31. Re4+ Kf7 32. Bf4 Rh8 33. cxb5
axb5 34. c4 g5 35. Bh2 d5 36. cxd5 Rd8 37. d6 c4+ 38. Kc2 Bxd6 39. Bxd6 Rxd6
40. a4 bxa4 41. Rxc4 Ra6 42. Kb1 a3 43. g3 hxg3 44. fxg3 a2+ 45. Ka1 Ra3 46. h4
Rxg3 47. hxg5 fxg5 48. Kxa2 Kg6 49. Kb2 Rd3 0-1

[Event "24. European Club Cup 2008"]
[Site "Kallithea GRE"]
[Date "2008.10.20"]
[Round "4.13"]
[White "Weindl, Alfred"]
[Black "Brandner, Stefan"]
[Result "0-1"]
[WhiteElo "2354"]
[BlackElo "2296"]
[PlyCount "70"]
[EventDate "2008.10.17"]
[EventType "team-swiss"]
[EventRounds "7"]
[EventCountry "GRE"]
[Source "lmi"]
[SourceDate "2008.10.17"]
[WhiteTeam "Reichenstein"]
[BlackTeam "Baden"]

1. d4 d5 2. Nf3 Nc6 3. g3 Bg4 4. Bg2 Qd7 5. h3 Bxf3 6. Bxf3 Nf6 7. c3 e5 8.
dxe5 Nxe5 9. Bg2 Bc5 10. O-O Ne4 11. Bxe4 dxe4 12. Qxd7+ Nxd7 13. a4 a5 14. Bf4
O-O-O 15. b4 axb4 16. cxb4 Bxb4 17. Rc1 Nc5 18. Ra2 Ne6 19. Be3 Rd5 20. Na3
Rhd8 21. Rc4 Bxa3 22. Rxa3 f5 23. a5 R8d6 24. Kg2 g5 25. Rac3 Rxa5 26. Bxg5
Nxg5 27. Rxc7+ Kb8 28. h4 Ne6 29. Rxh7 Rd1 30. f3 Ra2 31. Re3 Rdd2 32. Kf1 exf3
33. Rxe6 fxe2+ 34. Kf2 e1=Q+ 35. Kxe1 Rh2 0-1

[Event "24. European Club Cup 2008"]
[Site "Kallithea GRE"]
[Date "2008.10.20"]
[Round "4.13"]
[White "Sulyok, Michael"]
[Black "Maier, Christian"]
[Result "0-1"]
[WhiteElo "2227"]
[BlackElo "2328"]
[PlyCount "142"]
[EventDate "2008.10.17"]
[EventType "team-swiss"]
[EventRounds "7"]
[EventCountry "GRE"]
[Source "lmi"]
[SourceDate "2008.10.17"]
[WhiteTeam "Baden"]
[BlackTeam "Reichenstein"]

1. c4 e5 2. g3 Nc6 3. Bg2 h5 4. h4 Nf6 5. Nc3 Bb4 6. Nd5 Nxd5 7. cxd5 Ne7 8.
Nf3 Ng6 9. O-O c6 10. d4 Qe7 11. dxe5 Nxe5 12. Nxe5 Qxe5 13. Qb3 Qe7 14. Bg5 f6
15. Bf4 Bc5 16. Qd3 cxd5 17. Bxd5 d6 18. b4 Bb6 19. Rfd1 Be6 20. Bf3 d5 21.
Qb5+ Qd7 22. Qxd7+ Kxd7 23. Bxd5 Bxd5 24. Rxd5+ Ke6 25. Rad1 Rhd8 26. e4 Rac8
27. a4 Rxd5 28. exd5+ Kd7 29. a5 Bd8 30. Be3 Rc4 31. Rb1 Be7 32. b5 Bc5 33. b6
a6 34. Kg2 Kd6 35. Rd1 Bxe3 36. fxe3 Rc5 37. Ra1 Kxd5 38. Kf3 Kc6 39. g4 hxg4+
40. Kxg4 Kb5 41. e4 Kb4 42. Rd1 Kxa5 43. Rd7 Kxb6 44. Rxg7 Rc1 45. Rg6 Rg1+ 46.
Kf5 Rf1+ 47. Ke6 a5 48. h5 a4 49. h6 a3 50. h7 Rh1 51. Rg3 Rxh7 52. Rxa3 Rh4
53. Kd5 Rf4 54. Rb3+ Kc7 55. Rc3+ Kb8 56. Rb3 Rf1 57. Rb4 Kc7 58. Kc5 Rd1 59.
Rb3 b6+ 60. Kb5 Rc1 61. Rf3 Rc5+ 62. Kb4 Rc6 63. Kb5 Re6 64. Rc3+ Kd6 65. Kxb6
Ke5+ 66. Kc5 Kxe4 67. Ra3 f5 68. Ra1 f4 69. Re1+ Kf5 70. Rf1 Kg4 71. Kd4 f3 0-1

[Event "24. European Club Cup 2008"]
[Site "Kallithea GRE"]
[Date "2008.10.20"]
[Round "4.14"]
[White "Johannesson, Ingvar Thor"]
[Black "Landa, Konstantin"]
[Result "1/2-1/2"]
[WhiteElo "2355"]
[BlackElo "2613"]
[PlyCount "150"]
[EventDate "2008.10.17"]
[EventType "team-swiss"]
[EventRounds "7"]
[EventCountry "GRE"]
[Source "lmi"]
[SourceDate "2008.10.17"]
[WhiteTeam "Hellir"]
[BlackTeam "Muehlheim"]

1. Nf3 Nf6 2. c4 e6 3. g3 a6 4. b3 b5 5. Nc3 b4 6. Na4 Bb7 7. Bg2 d6 8. O-O Be7
9. Qc2 c5 10. Bb2 Qc7 11. Rfd1 O-O 12. d4 Nbd7 13. dxc5 dxc5 14. Ng5 Bxg2 15.
Rxd7 Qxd7 16. Bxf6 g6 17. Nb6 Qb7 18. Bxe7 Qxe7 19. Nxa8 Bxa8 20. Nh3 e5 21.
Rd1 Qe6 22. Ng5 Qg4 23. Qd2 e4 24. h3 Qf5 25. g4 Qf6 26. Qe3 Qe7 27. Nf3 Rd8
28. Rxd8+ Qxd8 29. Ng5 Qd1+ 30. Kh2 Qd6+ 31. Kg1 Qe5 32. Qd2 Qe7 33. Qf4 Kg7
34. Qe3 Qe5 35. h4 h6 36. Nh3 Qd4 37. g5 Qxe3 38. fxe3 hxg5 39. hxg5 f6 40.
gxf6+ Kxf6 41. Kg2 a5 42. Nf2 Bc6 43. Kg3 Kg5 44. Ng4 a4 45. Nh2 a3 46. Nf1 Bd7
47. Nd2 Bf5 48. Nf1 Be6 49. Nd2 Kf5 50. Nf1 Bf7 51. Kh4 Be6 52. Ng3+ Ke5 53.
Nf1 Kf6 54. Nd2 Kf5 55. Kg3 Bd7 56. Nf1 Kg5 57. Nd2 Bf5 58. Nf1 Bg4 59. Nd2
Bxe2 60. Nxe4+ Kf5 61. Nxc5 Bd1 62. Nd3 Bxb3 63. Nxb4 Bxc4 64. Nc2 Bd3 65. Nxa3
Ke5 66. Kg4 Kd5 67. Kf4 Kc5 68. e4 Kd4 69. Kg5 Bxe4 70. Nb5+ Kc5 71. Nc3 Bc2
72. Ne2 Kb4 73. Nf4 Ka3 74. Nxg6 Bxg6 75. Kxg6 Kxa2 1/2-1/2

[Event "24. European Club Cup 2008"]
[Site "Kallithea GRE"]
[Date "2008.10.20"]
[Round "4.14"]
[White "Fridman, Daniel"]
[Black "Bjornsson, Sigurbjorn"]
[Result "1-0"]
[WhiteElo "2630"]
[BlackElo "2323"]
[PlyCount "89"]
[EventDate "2008.10.17"]
[EventType "team-swiss"]
[EventRounds "7"]
[EventCountry "GRE"]
[Source "lmi"]
[SourceDate "2008.10.17"]
[WhiteTeam "Muehlheim"]
[BlackTeam "Hellir"]

1. g3 Nf6 2. Bg2 g6 3. d4 Bg7 4. e4 d6 5. Nc3 O-O 6. Nge2 e5 7. h3 Nc6 8. Be3
Re8 9. O-O exd4 10. Nxd4 Rb8 11. Re1 Bd7 12. f4 Na5 13. Bf2 b5 14. b4 Nc4 15.
Rb1 a5 16. Nd5 Qc8 17. bxa5 c5 18. Nxf6+ Bxf6 19. Nf3 Bxh3 20. Bxh3 Qxh3 21. a6
h5 22. Qd3 h4 23. gxh4 Qg4+ 24. Kh2 Qxf4+ 25. Bg3 Qg4 26. a4 Be5 27. Rg1 Bxg3+
28. Rxg3 Qf4 29. a7 Ra8 30. axb5 Nb6 31. Ng5 Rxa7 32. Rf1 Qxh4+ 33. Kg2 Re5 34.
Rh1 Qf4 35. Qxd6 Ra8 36. Rf1 Nc4 37. Qxg6+ fxg6 38. Rxf4 Ra2 39. Rf2 Rb2 40.
Nf7 Re6 41. Nd8 Rb6 42. Rc3 Nd6 43. Ne6 Nf7 44. Rf6 Ne5 45. Rf8+ 1-0

[Event "24. European Club Cup 2008"]
[Site "Kallithea GRE"]
[Date "2008.10.20"]
[Round "4.14"]
[White "Saltaev, Mihail"]
[Black "Salama, Omar"]
[Result "1-0"]
[WhiteElo "2484"]
[BlackElo "2258"]
[PlyCount "77"]
[EventDate "2008.10.17"]
[EventType "team-swiss"]
[EventRounds "7"]
[EventCountry "GRE"]
[Source "lmi"]
[SourceDate "2008.10.17"]
[WhiteTeam "Muehlheim"]
[BlackTeam "Hellir"]

1. e4 c5 2. Nf3 Nc6 3. d4 cxd4 4. Nxd4 Nf6 5. Nc3 e5 6. Ndb5 d6 7. Bg5 a6 8.
Na3 b5 9. Nd5 Be7 10. Bxf6 Bxf6 11. c4 b4 12. Nc2 a5 13. g3 O-O 14. h4 Be6 15.
Bh3 Rc8 16. b3 Kh8 17. Qf3 Be7 18. Rd1 Rb8 19. Nde3 Qd7 20. Bf5 g6 21. Bxe6
fxe6 22. Qg4 Bf6 23. h5 g5 24. c5 Nd4 25. cxd6 Qxd6 26. O-O Qc6 27. Rc1 Qa6 28.
Nc4 Rbd8 29. Rfd1 Be7 30. Nxd4 exd4 31. Ne5 Qd6 32. Nc6 Rc8 33. Nxe7 Qxe7 34.
Rxc8 Rxc8 35. Rxd4 Rc2 36. Qd1 Qc5 37. Qf3 Kg7 38. Rd7+ Kh6 39. Qf7 1-0

[Event "24. European Club Cup 2008"]
[Site "Kallithea GRE"]
[Date "2008.10.20"]
[Round "4.15"]
[White "Baramidze, David"]
[Black "Ledger, Andrew J"]
[Result "0-1"]
[WhiteElo "2557"]
[BlackElo "2429"]
[PlyCount "82"]
[EventDate "2008.10.17"]
[EventType "team-swiss"]
[EventRounds "7"]
[EventCountry "GRE"]
[Source "lmi"]
[SourceDate "2008.10.17"]
[WhiteTeam "Hohenems"]
[BlackTeam "Betsson"]

1. e4 c6 2. d3 e5 3. Nf3 Nf6 4. Nbd2 d6 5. c3 Be7 6. Be2 O-O 7. O-O Re8 8. Re1
Bf8 9. Nf1 a6 10. Qc2 b5 11. Ng3 Bb7 12. d4 Nbd7 13. a4 Qc7 14. Bd3 g6 15. b3
d5 16. dxe5 Nxe5 17. Nxe5 Qxe5 18. Be3 dxe4 19. Bxe4 Nxe4 20. Bd4 Qd5 21. Nxe4
Rxe4 22. Qxe4 Qxe4 23. Rxe4 c5 24. Rf4 cxd4 25. Rxd4 b4 26. Rd7 Be4 27. cxb4
Bxb4 28. Rc1 Bf5 29. Rb7 a5 30. Rc4 Rd8 31. f3 Be6 32. Rcxb4 axb4 33. Rxb4 Rd1+
34. Kf2 Ra1 35. Ke3 Ra3 36. Kd4 Bxb3 37. a5 Bd1 38. Rb8+ Kg7 39. Ra8 Be2 40.
Kc5 Bf1 41. g3 Bg2 0-1

[Event "24. European Club Cup 2008"]
[Site "Kallithea GRE"]
[Date "2008.10.20"]
[Round "4.15"]
[White "Webb, Laurence E"]
[Black "Braun, Arik"]
[Result "1/2-1/2"]
[WhiteElo "2347"]
[BlackElo "2567"]
[PlyCount "87"]
[EventDate "2008.10.17"]
[EventType "team-swiss"]
[EventRounds "7"]
[EventCountry "GRE"]
[Source "lmi"]
[SourceDate "2008.10.17"]
[WhiteTeam "Betsson"]
[BlackTeam "Hohenems"]

1. e4 e5 2. Nf3 Nf6 3. Nxe5 d6 4. Nf3 Nxe4 5. Nc3 Nxc3 6. dxc3 Be7 7. Bf4 O-O
8. Qd2 Nd7 9. O-O-O Re8 10. Nd4 Ne5 11. Kb1 a6 12. Be2 Bf8 13. Bg3 b5 14. b3
Bb7 15. f4 Nd7 16. Bf3 Bxf3 17. Nxf3 Nc5 18. Rhe1 Qf6 19. Qd4 Qg6 20. Kb2 a5
21. Rxe8 Rxe8 22. Re1 Rxe1 23. Nxe1 Be7 24. Qd5 Qe4 25. Qxe4 Nxe4 26. c4 Bf6+
27. Ka3 c6 28. cxb5 cxb5 29. c4 bxc4 30. bxc4 Nd2 31. Ka4 Nxc4 32. Kb5 d5 33.
Nd3 Bd8 34. Be1 f6 35. Nc5 Kf7 36. Nb7 Bc7 37. g3 Ke6 38. Nxa5 Nxa5 39. Bxa5
Bxa5 40. Kxa5 Kf5 41. Kb4 Ke4 42. Kc3 Ke3 43. Kc2 Ke2 44. Kc3 1/2-1/2

[Event "24. European Club Cup 2008"]
[Site "Kallithea GRE"]
[Date "2008.10.20"]
[Round "4.15"]
[White "Naumann, Alexander"]
[Black "Eames, Robert S"]
[Result "1-0"]
[WhiteElo "2518"]
[BlackElo "2329"]
[PlyCount "43"]
[EventDate "2008.10.17"]
[EventType "team-swiss"]
[EventRounds "7"]
[EventCountry "GRE"]
[Source "lmi"]
[SourceDate "2008.10.17"]
[WhiteTeam "Hohenems"]
[BlackTeam "Betsson"]

1. d4 d5 2. c4 c6 3. Nf3 Nf6 4. Nc3 e6 5. Bg5 dxc4 6. e4 b5 7. e5 h6 8. Bh4 g5
9. exf6 gxh4 10. Ne5 Qxf6 11. a4 Bb7 12. axb5 cxb5 13. Bxc4 a6 14. Nxb5 Bb4+
15. Nc3 Bxc3+ 16. bxc3 Bxg2 17. Rg1 h3 18. Bf1 Rg8 19. Rb1 Qf4 20. Qa4+ Kf8 21.
Qb4+ Ke8 22. Qb7 1-0

[Event "24. European Club Cup 2008"]
[Site "Kallithea GRE"]
[Date "2008.10.20"]
[Round "4.15"]
[White "Bezold, Michael"]
[Black "Ledger, Dave J"]
[Result "1-0"]
[WhiteElo "2513"]
[BlackElo "2254"]
[PlyCount "79"]
[EventDate "2008.10.17"]
[EventType "team-swiss"]
[EventRounds "7"]
[EventCountry "GRE"]
[Source "lmi"]
[SourceDate "2008.10.17"]
[WhiteTeam "Hohenems"]
[BlackTeam "Betsson"]

1. g3 e5 2. c4 d6 3. Bg2 Nc6 4. Nc3 Be6 5. d3 Qd7 6. e4 f5 7. exf5 Bxf5 8. Nge2
Nf6 9. h3 Nb4 10. Ne4 Nxe4 11. dxe4 Qc6 12. Nc3 Be6 13. b3 Be7 14. Nd5 a5 15.
O-O Qd7 16. Be3 O-O 17. Nxe7+ Qxe7 18. a3 Na6 19. Qc2 Qd7 20. Kh2 Qc6 21. Rfc1
Bf7 22. Rab1 Nc5 23. b4 axb4 24. axb4 Ne6 25. Qd2 Ra4 26. f4 Rfa8 27. Rb2 Ra1
28. Rcc2 Nf8 29. c5 exf4 30. Bxf4 dxc5 31. Rxc5 Qa4 32. Rxc7 Ne6 33. Rxb7 Rd8
34. Qf2 Be8 35. Be5 Bg6 36. Qb6 Re8 37. Rf2 Ra2 38. Qxe6+ Rxe6 39. Rxg7+ Kh8
40. Rf8# 1-0

[Event "24. European Club Cup 2008"]
[Site "Kallithea GRE"]
[Date "2008.10.20"]
[Round "4.15"]
[White "Ledger, Stephen C"]
[Black "Atlas, Dimitry"]
[Result "0-1"]
[WhiteElo "2151"]
[BlackElo "2322"]
[PlyCount "54"]
[EventDate "2008.10.17"]
[EventType "team-swiss"]
[EventRounds "7"]
[EventCountry "GRE"]
[Source "lmi"]
[SourceDate "2008.10.17"]
[WhiteTeam "Betsson"]
[BlackTeam "Hohenems"]

1. d4 Nf6 2. Nf3 e6 3. Bf4 d5 4. e3 c5 5. c3 Nc6 6. Nbd2 Bd6 7. Bg3 Qe7 8. Ne5
Bxe5 9. dxe5 Nd7 10. Nf3 c4 11. Be2 b5 12. Nd4 Ncxe5 13. f4 Nd3+ 14. Bxd3 cxd3
15. Qxd3 a6 16. O-O Bb7 17. Nb3 O-O 18. Rad1 Rac8 19. Qe2 Rfe8 20. Qg4 Nf6 21.
Qh3 b4 22. Be1 bxc3 23. Bxc3 Ne4 24. Bd4 f6 25. Nd2 e5 26. Bb6 Nxd2 27. Rxd2
Qb4 0-1

[Event "24. European Club Cup 2008"]
[Site "Kallithea GRE"]
[Date "2008.10.20"]
[Round "4.16"]
[White "Kveinys, Aloyzas"]
[Black "Gunnarsson, Jon Viktor"]
[Result "0-1"]
[WhiteElo "2533"]
[BlackElo "2430"]
[PlyCount "54"]
[EventDate "2008.10.17"]
[EventType "team-swiss"]
[EventRounds "7"]
[EventCountry "GRE"]
[Source "lmi"]
[SourceDate "2008.10.17"]
[WhiteTeam "Vilnius"]
[BlackTeam "Bolungarvik"]

1. d4 Nf6 2. Nf3 g6 3. c4 c5 4. Nc3 cxd4 5. Nxd4 Nc6 6. e4 d6 7. Be2 Nxd4 8.
Qxd4 Bg7 9. Be3 O-O 10. Qd2 a5 11. O-O a4 12. f3 Qa5 13. Rab1 Be6 14. Nd5 Qxd2
15. Nxe7+ Kh8 16. Bxd2 Rfe8 17. Nd5 Nxd5 18. cxd5 Bxd5 19. Bb5 Bxa2 20. Bxe8
Bxb1 21. Bxf7 Bd3 22. Rd1 Bd4+ 23. Kh1 Bc2 24. Ra1 Kg7 25. Bd5 Bxb2 26. Re1 a3
27. Ba2 b5 0-1

[Event "24. European Club Cup 2008"]
[Site "Kallithea GRE"]
[Date "2008.10.20"]
[Round "4.16"]
[White "Thorfinnsson, Bragi"]
[Black "Zagorskis, Darius"]
[Result "1/2-1/2"]
[WhiteElo "2383"]
[BlackElo "2509"]
[PlyCount "59"]
[EventDate "2008.10.17"]
[EventType "team-swiss"]
[EventRounds "7"]
[EventCountry "GRE"]
[Source "lmi"]
[SourceDate "2008.10.17"]
[WhiteTeam "Bolungarvik"]
[BlackTeam "Vilnius"]

1. d4 Nf6 2. c4 e6 3. Nf3 d5 4. Nc3 Nbd7 5. Bg5 Be7 6. e3 O-O 7. Rc1 dxc4 8.
Bxc4 c5 9. O-O a6 10. a4 cxd4 11. exd4 Nb6 12. Bb3 Bd7 13. Ne5 Bc6 14. Qd3 Nbd5
15. Qh3 Nb4 16. Rfe1 Bd5 17. Nxd5 Nfxd5 18. Bd2 Qe8 19. f4 f5 20. Nd3 Nxd3 21.
Qxd3 Qd7 22. Qe2 Rf6 23. Qf3 Rd8 24. Ba5 b6 25. Bd2 Bf8 26. Qe2 b5 27. axb5
axb5 28. Ra1 Kh8 29. Kh1 h6 30. h3 1/2-1/2

[Event "24. European Club Cup 2008"]
[Site "Kallithea GRE"]
[Date "2008.10.20"]
[Round "4.18"]
[White "Bae, Torstein"]
[Black "Makoli, Perparim"]
[Result "1/2-1/2"]
[WhiteElo "2404"]
[BlackElo "2215"]
[PlyCount "249"]
[EventDate "2008.10.17"]
[EventType "team-swiss"]
[EventRounds "7"]
[EventCountry "GRE"]
[Source "lmi"]
[SourceDate "2008.10.17"]
[WhiteTeam "av 1911"]
[BlackTeam "Istog"]

1. e4 c5 2. Nf3 Nc6 3. d4 cxd4 4. Nxd4 Qb6 5. Nb3 Nf6 6. Bd3 e6 7. O-O d5 8.
Nc3 dxe4 9. Nxe4 Be7 10. Bf4 e5 11. Be3 Qc7 12. Nxf6+ Bxf6 13. Qh5 Be7 14. f4
g6 15. Qh6 Bf8 16. Qh4 Be7 17. Qg3 Bd6 18. Nd2 exf4 19. Rxf4 Be6 20. Ne4 Be5
21. Qh4 f5 22. Ng5 Bd5 23. c4 Bg8 24. Nf3 Qe7 25. Nxe5 Nxe5 26. Qxe7+ Kxe7 27.
Bf1 Nc6 28. b4 Bf7 29. b5 Nd8 30. Bc5+ Kf6 31. Bd4+ Kg5 32. Rxf5+ gxf5 33. Bxh8
Rc8 34. Bd4 a6 35. bxa6 bxa6 36. c5 a5 37. a3 Rb8 38. Be2 Nc6 39. Bf2 Rb2 40.
Bf1 Bd5 41. Rd1 Be4 42. Be3+ Kg4 43. Rd7 f4 44. Bd2 Rb1 45. Rf7 Bd3 46. Rxf4+
Kh5 47. g4+ Kh4 48. g5+ Kh5 49. Kg2 Rb2 50. Rf2 Bxf1+ 51. Kxf1 Rc2 52. Ke2 Rxc5
53. Rf6 Kg4 54. Rh6 Nd4+ 55. Kd3 Nf3 56. h3+ Kg3 57. Be3 Rd5+ 58. Kc3 Re5 59.
Bb6 Rb5 60. Kc4 Rxg5 61. Rxh7 Nd2+ 62. Kd4 Rb5 63. Bc7+ Kg2 64. h4 Rb3 65. h5
Rxa3 66. h6 Rh3 67. Rg7+ Kf2 68. h7 Nf3+ 69. Kc4 a4 70. Kb4 a3 71. Bg3+ Ke2 72.
Kxa3 Ng5 73. Rxg5 Rxh7 74. Kb4 Rd7 75. Kc4 Kf3 76. Be5 Ke4 77. Bc3 Rc7+ 78. Kb3
Rb7+ 79. Kc2 Rd7 80. Rg4+ Ke3 81. Rg8 Ke4 82. Re8+ Kf3 83. Kb3 Rc7 84. Bd4 Rc6
85. Kb4 Kf4 86. Bc5 Kf5 87. Kc4 Re6 88. Rd8 Ke4 89. Rd1 Kf3 90. Kd3 Re8 91.
Rf1+ Kg2 92. Rf5 Kg3 93. Be3 Kg4 94. Rg5+ Kf3 95. Rf5+ Kg4 96. Rf7 Rd8+ 97. Bd4
Re8 98. Bb6 Re6 99. Bc7 Kg5 100. Kd4 Re1 101. Be5 Kg6 102. Rf2 Kg5 103. Kd5
Rd1+ 104. Bd4 Re1 105. Bc3 Re8 106. Be5 Ra8 107. Ke4 Ra4+ 108. Bd4 Kg6 109.
Rg2+ Kf7 110. Rg7+ Ke6 111. Rg6+ Kf7 112. Rd6 Ra5 113. Be5 Ra2 114. Kf5 Rf2+
115. Bf4 Ke7 116. Rc6 Kd7 117. Rc7+ Kd8 118. Rh7 Kc8 119. Ke5 Kb8 120. Rf7 Ka8
121. Kd6 Re2 122. Bc1 Rc2 123. Ba3 Rh2 124. Kc6 Rh8 125. Bd6 1/2-1/2

[Event "24. European Club Cup 2008"]
[Site "Kallithea GRE"]
[Date "2008.10.20"]
[Round "4.18"]
[White "Salihu, Sami"]
[Black "Urkedal, Frode"]
[Result "1-0"]
[WhiteElo "2216"]
[BlackElo "2316"]
[PlyCount "79"]
[EventDate "2008.10.17"]
[EventType "team-swiss"]
[EventRounds "7"]
[EventCountry "GRE"]
[Source "lmi"]
[SourceDate "2008.10.17"]
[WhiteTeam "Istog"]
[BlackTeam "av 1911"]

1. e4 c5 2. Nf3 d6 3. d4 cxd4 4. Nxd4 Nf6 5. Nc3 a6 6. Be2 e6 7. g4 h6 8. h4
Nc6 9. Be3 Be7 10. Rg1 Nh7 11. Nf3 b5 12. g5 hxg5 13. hxg5 Nf8 14. Nd4 Bd7 15.
a3 Ng6 16. Nxc6 Bxc6 17. Qd4 Rh7 18. O-O-O Qb8 19. Rh1 Rxh1 20. Rxh1 e5 21. Qd3
Qb7 22. Bg4 a5 23. Nd5 b4 24. a4 Bxa4 25. Nb6 Bc6 26. Bf5 Nf8 27. Nxa8 Qxa8 28.
f3 a4 29. Kd2 Qa5 30. Qc4 Bb5 31. Qc8+ Bd8 32. Ra1 g6 33. Bg4 Nd7 34. b3 Nb6
35. Qb7 Kf8 36. Rh1 Kg7 37. Rh7+ Kxh7 38. Qxf7+ Kh8 39. Qf8+ Kh7 40. Qh6+ 1-0